| 000 | 01754nam0a22003251 4500 | ||
|---|---|---|---|
| 001 | rc\4023620 | ||
| 005 | 20130415131942.9 | ||
| 021 |
_aRU _b[48-20747] |
||
| 035 | _a(NLR Aleph) 008087993 | ||
| 090 |
_a9165263 _c9165263 |
||
| 100 | _a20130415d1948 |||y0rusy50 ca | ||
| 101 | 0 | _arus | |
| 102 | _aRU | ||
| 105 | _aa b ||||| | ||
| 200 | 1 |
_aКаталог выставки произведений художника Александра Григорьевича Гришина _eК 5-летию со дня смерти [1885-1942] _fЯросл. обл. отд. по делам искусств. Яросл. обл. союз художников. Яросл. обл. т-во художников. Яросл. обл. музей искусств |
|
| 210 |
_aЯрославль _cТип. Яросл. облгиз _d1948 |
||
| 215 |
_a18 с., 15 с. ил. _d17 |
||
| 300 | _aНа обл. загл.: Художник Александр Григорьевич Гришин | ||
| 300 | _aВ вып. дан сост.: А.А. Алехина | ||
| 512 | 0 | _aХудожник Александр Григорьевич Гришин | |
| 606 |
_aЖивопись _xВыставки _z1948 _yЯрославль _2psbo |
||
| 606 |
_aХудожники русские _2psbo |
||
| 702 | 1 |
_aАлехина _bА. А. _gАлександра Алексеевна _4220 |
|
| 710 | 1 | 0 |
_aГришин _gАлександр Григорьевич _cВыставка произведений _f1948 _eЯрославль _3RU\NLR\AUTH\889982064 |
| 712 | 0 | 2 |
_aЯрославский обл. отдел по делам искусств _3RU\NLR\AUTH\8810024433 |
| 801 | 0 |
_aRU _bNLR _gpsbo |
|
| 801 | 1 |
_aRU _bELAR _2rusmarc |
|
| 852 |
_aNLR _jИс30 Г-2/263 |
||
| 942 | _cBOOK | ||
| 980 | _aNB | ||